Punteggio delle Lettere a Scrabble - Statistics

Statistiche generali
  • Questo quiz è stato fatto 10 volte
  • Il punteggio medio è 3 su 21
Statistiche sulle risposte
Hint Risposta % Corretto
A 1
60%
Q 10
30%
S 2
30%
M 3
30%
L 3
20%
P 5
20%
H 8
20%
Z 8
20%
I 1
10%
E 1
10%
O 1
10%
T 2
10%
R 2
10%
N 3
10%
U 3
10%
V 5
10%
B 5
10%
C 2
0%
D 5
0%
F 5
0%
G 8
0%
Nessun quiz corrispondente trovato
Distribuzione punteggi
Percentuale di utenti per punteggio
Percentile per numero di risposta
I tuoi punteggi nel tempo
Non hai fatto questo quiz